Nové pojmy v oblasti násilia páchaného na ženách

Dokumenty OSN zamerané na násilie páchané na ženách. Podpora a ochrana práv žien na pôde EÚ. Terminológia násilia páchaného na ženách v medzinárodnom a európskom kontexte. Pojmy zadefinované Istanbulským dohovorom. Na Slovensku nebol doteraz prijatý samostatný zákon, ktorý by sa týkal ochrany pred d...

Descripción completa

Guardado en:
Detalles Bibliográficos
Autor principal: Magurová, Zuzana
Otros Autores: Magurová, Hana, 1986-
Formato: Capítulo de libro
Lenguaje:eslovaco
Materias:
Etiquetas: Agregar Etiqueta
Sin Etiquetas, Sea el primero en etiquetar este registro!

MARC

LEADER 00000naa$a2200000$$$4500
001 0227978
005 20240502083614.7
041 0 |a slo 
044 |a CZ 
245 1 0 |a Nové pojmy v oblasti násilia páchaného na ženách  |c Zuzana Magurová, Hana Magurová 
520 |a Dokumenty OSN zamerané na násilie páchané na ženách. Podpora a ochrana práv žien na pôde EÚ. Terminológia násilia páchaného na ženách v medzinárodnom a európskom kontexte. Pojmy zadefinované Istanbulským dohovorom. Na Slovensku nebol doteraz prijatý samostatný zákon, ktorý by sa týkal ochrany pred domácim násilím, alebo násilím pachanom na ženách. 
610 2 0 |a ženy 
610 2 0 |a vzťahy genderové 
610 2 0 |a právo 
610 2 0 |a práva ľudské 
610 2 0 |a ochrana právna 
610 2 0 |a ochrana ľudských práv 
100 1 |a Magurová, Zuzana 
700 1 |a Magurová, Hana, 1986-